[Event "LSS No Engine Cup 143 Preliminary 0"]
[Site "LSS email"]
[Date "2015.11.23"]
[Round "?"]
[White "Vio, Mauro"]
[Black "Markoja, Johann"]
[Result "1-0"]
[WhiteElo "1889"]
[BlackElo "2047"]
[PlyCount "41"]
[EventDate "2015.11.24"]
[EventType "tourn (corr)"]
[EventRounds "6"]
[EventCountry "GER"]
[SourceTitle "Corr 2022"]
[Source "ChessBase"]
[SourceDate "2021.10.24"]
[SourceVersion "1"]
[SourceVersionDate "2021.10.24"]
[SourceQuality "1"]

1. c4 Nf6 2. d4 e6 3. Nf3 b6 4. e3 Bb7 5. Bd3 c5 6. 0-0 cxd4 7. exd4 Be7 8. Nc3 d5 9. cxd5 Nxd5 10. Nxd5 Bxd5 11. Qc2 Nc6 12. Ne5 Rc8 13. Bb5 0-0 14. Bxc6 Bf6 15. Qa4 Bxc6 16. Nxc6 Qd7 17. Qxa7 Qxc6 18. Qa3 Bxd4 19. Be3 Rfd8 20. Rac1 Qd5 21. Rxc8 1-0

[Event "RC-2015-0-00174"]
[Site "LSS email"]
[Date "2015.07.12"]
[Round "?"]
[White "Markoja, Johann"]
[Black "Richter, Klaus"]
[Result "1/2-1/2"]
[WhiteElo "1998"]
[BlackElo "1776"]
[PlyCount "79"]
[EventDate "2015.05.22"]
[EventType "tourn (corr)"]
[EventRounds "6"]
[EventCountry "GER"]
[SourceTitle "Corr 2022"]
[Source "ChessBase"]
[SourceDate "2021.10.24"]
[SourceVersion "1"]
[SourceVersionDate "2021.10.24"]
[SourceQuality "1"]

1. Nc3 d5 2. d4 Bf5 3. f3 Nf6 4. g4 Bg6 5. g5 Nfd7 6. h4 h6 7. e4 dxe4 8. fxe4 hxg5 9. Bxg5 c5 10. d5 Qb6 11. Qd3 Bh5 12. Bc1 Ne5 13. Qg3 Nbd7 14. Bf4 Qxb2 15. Rb1 Nf3+ 16. Nxf3 Qxc3+ 17. Kf2 0-0-0 18. Bh3 b6 19. Nd2 Qxg3+ 20. Kxg3 Kb7 21. e5 e6 22. Nc4 exd5 23. Na5+ Kc8 24. Nc6 Kc7 25. Nxd8 Kxd8 26. Rbe1 Bg6 27. Rd1 d4 28. c3 d3 29. c4 b5 30. cxb5 f6 31. exf6 Nxf6 32. Be6 Nh5+ 33. Kf3 Nxf4 34. Kxf4 Bd6+ 35. Kg5 Rh6 36. Bc4 Be4 37. Rh3 Rg6+ 38. Kh5 Rh6+ 39. Kg5 Rg6+ 40. Kh5 1/2-1/2

[Event "LSS No Engine Cup 118 Final"]
[Site "LSS email"]
[Date "2015.05.16"]
[Round "?"]
[White "Markoja, Johann"]
[Black "Kudryavtsev, Yaroslav"]
[Result "1-0"]
[WhiteElo "2048"]
[BlackElo "2055"]
[PlyCount "87"]
[EventDate "2015.05.17"]
[EventType "tourn (corr)"]
[EventRounds "6"]
[EventCountry "GER"]
[SourceTitle "Corr 2022"]
[Source "ChessBase"]
[SourceDate "2021.10.24"]
[SourceVersion "1"]
[SourceVersionDate "2021.10.24"]
[SourceQuality "1"]

1. Nc3 d5 2. d4 e6 3. e4 Bb4 4. exd5 exd5 5. Bd3 Nc6 6. Nf3 Bg4 7. Qe2+ Qe7 8. 0-0 Qxe2 9. Nxe2 Bxf3 10. gxf3 0-0-0 11. c3 Bd6 12. Ng3 g6 13. Re1 h5 14. h4 Be7 15. Bg5 Bxg5 16. hxg5 Nge7 17. Re3 Kb8 18. Rae1 Nc8 19. Kh2 Nd6 20. Kh3 Kc8 21. Ne2 Na5 22. b3 c6 23. f4 Rde8 24. Re5 Ref8 25. Ng3 Kc7 26. Kh4 Rhg8 27. Re7+ Kd8 28. f5 Nc8 29. f6 Re8 30. R7e5 b5 31. f4 Nb7 32. f5 gxf5 33. Rxe8+ Rxe8 34. Rxe8+ Kxe8 35. Bxf5 Ncd6 36. Kxh5 Nd8 37. g6 fxg6+ 38. Kxg6 Kf8 39. Bg4 a5 40. Ne2 a4 41. bxa4 bxa4 42. Bd7 a3 43. Nf4 Kg8 44. Nd3 1-0

[Event "LSS No Engine Cup 108 Final"]
[Site "LSS email"]
[Date "2014.12.23"]
[Round "?"]
[White "Kapatos, Endre"]
[Black "Markoja, Johann"]
[Result "1-0"]
[WhiteElo "1750"]
[BlackElo "2070"]
[PlyCount "89"]
[EventDate "2014.12.24"]
[EventType "tourn (corr)"]
[EventRounds "6"]
[EventCountry "GER"]
[SourceTitle "Corr 2022"]
[Source "ChessBase"]
[SourceDate "2021.10.24"]
[SourceVersion "1"]
[SourceVersionDate "2021.10.24"]
[SourceQuality "1"]

1. e4 c5 2. Nf3 Nc6 3. b4 Nxb4 4. c3 Nc6 5. d4 d5 6. exd5 Qxd5 7. Nbd2 Nf6 8. Bc4 Qd8 9. Nb3 cxd4 10. Nbxd4 e6 11. 0-0 Be7 12. Nxc6 bxc6 13. Bd3 0-0 14. Bf4 Nd5 15. Bg3 f5 16. Be5 Bf6 17. Re1 Nxc3 18. Qc2 Nd5 19. Qxc6 Bxe5 20. Nxe5 Rb8 21. Bc4 Rb6 22. Qa4 Bb7 23. Qxa7 Qd6 24. Qa4 Rd8 25. Qc2 Qe7 26. a4 Nf4 27. g3 Nh3+ 28. Kf1 Be4 29. Qc3 Rbd6 30. f3 Ba8 31. Kg2 Ng5 32. Rac1 Kh8 33. a5 Qf6 34. h4 Nf7 35. Nxf7+ Qxf7 36. Qe3 Qh5 37. Rc3 Rd2+ 38. Re2 Rxe2+ 39. Bxe2 f4 40. Qc5 Qe8 41. Qe5 Rd5 42. Qc7 fxg3 43. a6 Rd7 44. Qf4 Rd8 45. Rc7 1-0

[Event "LSS No Engine Cup 108 Final"]
[Site "LSS email"]
[Date "2014.12.23"]
[Round "?"]
[White "Markoja, Johann"]
[Black "Mostowik, Pawel"]
[Result "1/2-1/2"]
[WhiteElo "2070"]
[BlackElo "2086"]
[PlyCount "47"]
[EventDate "2014.12.24"]
[EventType "tourn (corr)"]
[EventRounds "6"]
[EventCountry "GER"]
[SourceTitle "Corr 2022"]
[Source "ChessBase"]
[SourceDate "2021.10.24"]
[SourceVersion "1"]
[SourceVersionDate "2021.10.24"]
[SourceQuality "1"]

1. e4 c5 2. Nf3 Nc6 3. d4 cxd4 4. Nxd4 Nf6 5. Nc3 e5 6. Ndb5 d6 7. Bg5 a6 8. Na3 Be7 9. Bxf6 Bxf6 10. Nc4 Be7 11. Nd5 Be6 12. c3 0-0 13. a4 Rb8 14. Be2 Bg5 15. Ndb6 f5 16. exf5 Rxf5 17. Qxd6 Qe8 18. Bh5 g6 19. Bg4 Rd8 20. Bxf5 Rxd6 21. Nxd6 Qe7 22. Bxe6+ Qxe6 23. Rd1 Nd4 24. Ndc4 1/2-1/2